Amphibious Subjects : Sasso and the Contested Politics of Queer Self-Making in Neoliberal Ghana.

A free open access ebook is available upon publication. Learn more atwww.luminosoa.org. Amphibious Subjects is an ethnographic study of a community of self-identified effeminate men--known in local parlance as sasso--residing in coastal Jamestown, a suburb of Accra, Ghana's capital. Drawing...

Full description

Bibliographic Details
Main Author: Otu, Kwame Edwin.
Format: eBook
Language:English
Published: Berkeley : University of California Press, 2022.
Edition:1st ed.
Series:New Sexual Worlds Series
Subjects:
Online Access:Click to View
LEADER 02802nam a22003973i 4500
001 EBC30469334
003 MiAaPQ
005 20231204023230.0
006 m o d |
007 cr cnu||||||||
008 231204s2022 xx o ||||0 eng d
020 |a 9780520381865  |q (electronic bk.) 
020 |z 9780520381858 
035 |a (MiAaPQ)EBC30469334 
035 |a (Au-PeEL)EBL30469334 
035 |a (OCoLC)1296689665 
040 |a MiAaPQ  |b eng  |e rda  |e pn  |c MiAaPQ  |d MiAaPQ 
082 0 |a 306.7609667 
100 1 |a Otu, Kwame Edwin. 
245 1 0 |a Amphibious Subjects :  |b Sasso and the Contested Politics of Queer Self-Making in Neoliberal Ghana. 
250 |a 1st ed. 
264 1 |a Berkeley :  |b University of California Press,  |c 2022. 
264 4 |c Ã2022. 
300 |a 1 online resource (216 pages) 
336 |a text  |b txt  |2 rdacontent 
337 |a computer  |b c  |2 rdamedia 
338 |a online resource  |b cr  |2 rdacarrier 
490 1 |a New Sexual Worlds Series ;  |v v.2 
520 |a A free open access ebook is available upon publication. Learn more atwww.luminosoa.org. Amphibious Subjects is an ethnographic study of a community of self-identified effeminate men--known in local parlance as sasso--residing in coastal Jamestown, a suburb of Accra, Ghana's capital. Drawing on the Ghanaian philosopher Kwame Gyekye's notion of "amphibious personhood," Kwame Edwin Otu argues that sasso embody and articulate amphibious subjectivity in their self-making, creating an identity that moves beyond the homogenizing impulses of western categories of gender and sexuality. Such subjectivity simultaneously unsettles claims purported by the Christian heteronationalist state and LGBT+ human rights organizations that Ghana is predominantly heterosexual or homophobic. Weaving together personal interactions with sasso, participant observation, autoethnography, archival sources, essays from African and African-diasporic literature, and critical analyses of documentaries such as the BBC's The World's Worst Place to Be Gay, Amphibious Subjects is an ethnographic meditation on how Africa is configured as the "heart of homophobic darkness" in transnational LGBT+ human rights imaginaries. 
588 |a Description based on publisher supplied metadata and other sources. 
590 |a Electronic reproduction. Ann Arbor, Michigan : ProQuest Ebook Central, 2023. Available via World Wide Web. Access may be limited to ProQuest Ebook Central affiliated libraries.  
655 4 |a Electronic books. 
776 0 8 |i Print version:  |a Otu, Kwame Edwin  |t Amphibious Subjects  |d Berkeley : University of California Press,c2022  |z 9780520381858 
797 2 |a ProQuest (Firm) 
830 0 |a New Sexual Worlds Series 
856 4 0 |u https://ebookcentral.proquest.com/lib/matrademy/detail.action?docID=30469334  |z Click to View